|
|
|
|
| LEADER |
02147nam a2200445 4500 |
| 001 |
978-3-319-71943-6 |
| 003 |
DE-He213 |
| 005 |
20191025161015.0 |
| 007 |
cr nn 008mamaa |
| 008 |
180307s2018 gw | s |||| 0|eng d |
| 020 |
|
|
|a 9783319719436
|9 978-3-319-71943-6
|
| 024 |
7 |
|
|a 10.1007/978-3-319-71943-6
|2 doi
|
| 040 |
|
|
|d GrThAP
|
| 050 |
|
4 |
|a RD592.5-596
|
| 072 |
|
7 |
|a MNN
|2 bicssc
|
| 072 |
|
7 |
|a MED085010
|2 bisacsh
|
| 072 |
|
7 |
|a MNN
|2 thema
|
| 082 |
0 |
4 |
|a 617.48
|2 23
|
| 245 |
1 |
0 |
|a Minimally Invasive Spine Surgery Techniques
|h [electronic resource] /
|c edited by Gabriel Tender.
|
| 250 |
|
|
|a 1st ed. 2018.
|
| 264 |
|
1 |
|a Cham :
|b Springer International Publishing :
|b Imprint: Springer,
|c 2018.
|
| 300 |
|
|
|a IX, 235 p. 69 illus., 37 illus. in color.
|b online resource.
|
| 336 |
|
|
|a text
|b txt
|2 rdacontent
|
| 337 |
|
|
|a computer
|b c
|2 rdamedia
|
| 338 |
|
|
|a online resource
|b cr
|2 rdacarrier
|
| 347 |
|
|
|a text file
|b PDF
|2 rda
|
| 520 |
|
|
|a This book includes operative videos and teaches the reader how to perform all currently available minimally invasive spine surgery (MISS) techniques. Each chapter covers a MISS procedure and includes an introduction, indications and contraindications, surgical technique, pitfalls and pearls, discussion, conclusion, references, videos and figures. Spine Surgery: Minimally Invasive techniques is aimed at spine surgeons who are interested in learning or improving their MISS skills.
|
| 650 |
|
0 |
|a Neurosurgery.
|
| 650 |
|
0 |
|a Orthopedics.
|
| 650 |
1 |
4 |
|a Neurosurgery.
|0 http://scigraph.springernature.com/things/product-market-codes/H39000
|
| 650 |
2 |
4 |
|a Surgical Orthopedics.
|0 http://scigraph.springernature.com/things/product-market-codes/H45027
|
| 700 |
1 |
|
|a Tender, Gabriel.
|e editor.
|4 edt
|4 http://id.loc.gov/vocabulary/relators/edt
|
| 710 |
2 |
|
|a SpringerLink (Online service)
|
| 773 |
0 |
|
|t Springer eBooks
|
| 776 |
0 |
8 |
|i Printed edition:
|z 9783319719429
|
| 776 |
0 |
8 |
|i Printed edition:
|z 9783319719443
|
| 776 |
0 |
8 |
|i Printed edition:
|z 9783030101329
|
| 856 |
4 |
0 |
|u https://doi.org/10.1007/978-3-319-71943-6
|z Full Text via HEAL-Link
|
| 912 |
|
|
|a ZDB-2-SME
|
| 950 |
|
|
|a Medicine (Springer-11650)
|